Statistics for Family Tree (intro) - Ethel Cain

Click here to take the quiz!

General Stats

  • This quiz has been taken 7 times
  • The average score is 110 of 158

Answer Stats

Answer% Correct
A
100%
a
100%
be
100%
I
100%
The
100%
the
100%
who
100%
all
83%
And
83%
and
83%
body
83%
he
83%
it
83%
leave
83%
me
83%
my
83%
of
83%
Remind
83%
These
83%
these
83%
to
83%
try
83%
used
83%
when
83%
always
67%
blood
67%
bones
67%
but
67%
But
67%
can
67%
cannot
67%
Christ
67%
crosses
67%
escape
67%
family
67%
father
67%
fingers
67%
forgive
67%
from
67%
From
67%
fucked
67%
God
67%
He'll
67%
he'll
67%
her
67%
hiding
67%
his
67%
I'm
67%
is
67%
Jesus
67%
mother
67%
mother's
67%
no
67%
off
67%
one
67%
over
67%
reject
67%
scream
67%
sideways
67%
successfully
67%
than
67%
that
67%
Then
67%
there
67%
this
67%
this"
67%
tree
67%
wash
67%
we
67%
what
67%
already
50%
at
50%
better
50%
by
50%
Fates
50%
gives
50%
hanging
50%
he's
50%
know
50%
laugh
50%
Lord
50%
loves
50%
made
50%
most
50%
neck
50%
need
50%
never
50%
Precious
50%
raised
50%
say
50%
so
50%
Swinging
50%
they
50%
thing
50%
think
50%
up
50%
very
50%
woman
50%
world
50%
you
50%
"You
50%
Because
33%
gifts
33%
other
33%
seems
33%
special
33%

Score Distribution

Percentile by Number Answered

Percent of People with Each Score

Your Score History

You have not taken this quiz